World Cup Of Darts 2022 - Statistiken

Allgemein
  • Dieses Quiz wurde 256 mal gespielt
    236 seit der letzten Aktualisierung
  • Das Durchschnittsergebnis liegt bei 29 aus 64
Antwortstatistiken
Land Spieler % Korrekt
Belgien Dimitri Van den Bergh
94%
Deutschland Gabriel Clemens
93%
Deutschland Martin Schindler
92%
Australien Simon Whitlock
92%
Australien Damon Heta
88%
England Michael Smith
88%
Belgien Kim Huybrechts
87%
Kanada Jeff Smith
86%
Schottland Peter Wright
83%
Österreich Mensur Suljović
80%
Österreich Rowby-John Rodriguez
78%
Niederlande Danny Noppert
76%
Nordirland Daryl Gurney
76%
Portugal José de Sousa
76%
Wales Gerwyn Price
75%
Polen Krzysztof Ratajski
75%
Nordirland Brendan Dolan
72%
England James Wade
71%
Niederlande Dirk van Duijvenbode
69%
Lettland Madars Razma
69%
Schottland John Henderson
68%
Wales Jonny Clayton
67%
Irland William O’Connor
67%
Litauen Darius Labanauskas
66%
Singapur Paul Lim
65%
Singapur Harith Lim
64%
Südafrika Devon Petersen
57%
Brasilien Diogo Portela
56%
Irland Steve Lennon
50%
Tschechien Adam Gawlas
47%
Finnland Marko Kantele
42%
Schweden Daniel Larsson
40%
Spanien José Justicia
40%
Tschechien Karel Sedláček
38%
Dänemark Vladimir Andersen
37%
Schweiz Stefan Bellmont
36%
Kanada Matt Campbell
35%
Polen Sebastian Białecki
34%
USA Danny Baggish
33%
Neuseeland Ben Robb
32%
Philippinen Lourence Ilagan
32%
USA Jules van Dongen
23%
Spanien Tony Martinez
21%
Japan Tōru Suzuki
19%
Brasilien Artur Valle
17%
Schweden Johan Engström
16%
Gibraltar Justin Hewitt
16%
Neuseeland Warren Parry
16%
Dänemark Andreas Toft Jørgensen
14%
Schweiz Thomas Junghans
13%
Gibraltar Craig Galliano
11%
Japan Tomoyo Goto
11%
Italien Gabriel Rollo
8%
Litauen Mindaugas Baršauskas
7%
Lettland Nauris Gleglu
7%
Philippinen RJ Escaros
5%
Südafrika Stefan Vermaak
5%
Portugal Vitor Jerónimo
5%
Finnland Aki Paavilainen
4%
Ungarn Gergely Lakatos
2%
Italien Giuseppe Di Rocco
2%
Hongkong Ho Tung Ching
2%
Hongkong Lok Lin Yee
1%
Ungarn Nándor Prés
1%
Keine übereinstimmenden Quizze gefunden
Verteilung der Resultate
Anzahl Personen mit jedem Resultat
Perzentil nach korrekt beantworteten Fragen
Ihre Resultats-Entwicklung
Sie haben dieses Quiz seit der letzten Aktualisierung nicht gespielt